| 000 | 00958cam a22002411 4500 | ||
|---|---|---|---|
| 001 | sa 68020322 | ||
| 003 | DLC | ||
| 005 | 20260227112723.0 | ||
| 008 | 750716s1962 xx 000 0 eng | ||
| 010 | _asa 68020322 | ||
| 035 | _a(OCoLC)1451603 | ||
| 040 |
_aDLC _cOAU _dIU _dDLC |
||
| 041 | 1 |
_aeng _hind |
|
| 050 | 0 | 0 |
_aDU744 _b.S7913 |
| 100 | 0 |
_aSoekarno, _d1901-1970. |
|
| 245 | 1 | 0 | _aDutch public acceptance conditio sine qua non for resumption of negotiations. |
| 260 |
_a[Djakarta] _bDept. of Information, Republic of Indonesia _c[1962] |
||
| 300 |
_a8 p. _c21 cm. |
||
| 500 | _a"Special issue, 91." | ||
| 500 | _a"Message of H. E. President Sukarno on the installation ceremony of the newly appointed Army Chief of Staff, two ambassadors and one minister at the Negara Palace on June 23, 1962." | ||
| 500 | _aTranslation of Amanat Presiden pada pelantikan Kasad Major Djendral Achmad Jani dan beberapa duta besar. | ||
| 651 | 0 | _aPapua (Indonesia) | |
| 999 |
_c89356 _d89356 |
||